00612 2200241 4500001002100000005001500021035002000036007000300056008004100059020001800100082001200118084001800130245008700148260003100235300002600266856001700292100001600309990000900325990000900334990000900343990000900352990000900361INLIS00000000000050820220720092309 a0010-0722000082ta220720 g 0 ind  a9786028603515 a641.563 a641.563 TIM d1 aDaging Tupai Pengontrol Gula Darah :bAlternatif Lain Pengobatan Diabetes Mellitus aSolo :bDelta Media,c2010 avii + 48 hlm ;c23 cm aKoleksi Umum0 aTim Redaksi a5803 a5802 a5804 a5805 a5806